| 000 | 01068nam a22003377a 4500 | ||
|---|---|---|---|
| 003 | CHAP | ||
| 005 | 20220329134354.0 | ||
| 008 | 971013s1967 r 00010 d | ||
| 010 | _a19540 | ||
| 011 | _a20512 | ||
| 035 | _a24600 | ||
| 040 | _cCHAP | ||
| 090 | _aFolleto 5756 | ||
| 110 |
_aAmerican Society of Agricultural Engineers _95291 |
||
| 245 | _aGlossary of soil and water term | ||
| 260 |
_aSt. Joseph, Mich., _c1967 |
||
| 300 | _as.p. | ||
| 490 |
_aSpecial publication _v; 4/67 |
||
| 590 |
_aBATCH-UPD _b10 _c20130110 _lUCH01 _h0041 |
||
| 590 |
_aBATCH-UPD _b10 _c20130110 _lUCH01 _h1729 |
||
| 590 |
_aBATCH-UPD _b10 _c20130409 _lUCH01 _h2026 |
||
| 590 |
_aBATCH-UPD _b10 _c20130410 _lUCH01 _h1111 |
||
| 590 |
_aBATCH-UPD _b10 _c20130914 _lUCH01 _h1657 |
||
| 590 |
_aCONVERSION _b10 _c20130109 _lUCH01 _h1312 |
||
| 650 | 1 | 4 |
_aIrrigación _xTerminología. _960488 |
| 650 | 1 | 4 |
_aSuelos _xTerminología. _9110493 |
| 830 | 0 |
_aSpecial publication _v; 4/67 _9109152 |
|
| 901 | _aBK | ||
| 942 | _cFOLL | ||
| 949 |
_aFolleto 5756 _bBC _cFOLL _d-56652 _eTS1 _i24600 _si _t138.00 |
||
| 999 |
_c19540 _d19540 |
||